00331 a2200133 450000100060000002000180000604000240002410000210004824000370006924500320010630000070013836200090014565000430015447708 a9780746064795 cAnchieta - Aquarius aAllen, Francesca10aUsborne look and say schoolleng10aUsborne look and say school a100 a2005 4aLiteratura infanto-juvenil em inglês